| 000 | 00497nam a2200157 4500 | ||
|---|---|---|---|
| 008 | 160617b xxu||||| |||| 00| 0 eng d | ||
| 020 | _a9966460500 | ||
| 050 |
_aPL 8704 _b.M3Z3 1975 |
||
| 100 | _aZani, Zachariah M. | ||
| 245 |
_aMafarakano na michezo mingine / _c Z.M.Zani na J.Kitsao |
||
| 260 |
_aNairobi: _bHeionemann, _cc1975 |
||
| 300 |
_a96 p. _c17cm |
||
| 650 |
_aSwahili _xFasihi |
||
| 700 | _aKitsao, J | ||
| 942 |
_2lcc _cAFRICANA _hAFR PL 8704 .M3Z3 1975 _06 |
||
| 999 |
_c11190 _d11190 |
||